| 000 | 01425cam a2200325 a 4500 | ||
|---|---|---|---|
| 001 | 2153600 | ||
| 005 | 20030903180113.0 | ||
| 008 | 981117s1998 enka b 001 0 eng | ||
| 010 | _a 98221619 | ||
| 020 | _a0750686162 | ||
| 020 | _a9780750686167 | ||
| 040 |
_aDLC _cDLC _dDLC |
||
| 050 | 0 | 0 |
_aTH435 _b.B822 1998 |
| 082 | 0 | 0 |
_a692.5 _222 _bBRO |
| 100 | 1 |
_aBrook, Martin. _923489 |
|
| 245 | 1 | 0 |
_aEstimating and Tendering for Construction Work / _cMartin Brook |
| 250 | _a4th ed. | ||
| 260 |
_aOxford ; _aBoston : _bButterworth-Heinemann, 2008 _c2008 |
||
| 300 |
_axx, 359 p. : _bill. ; _c25 cm. |
||
| 504 | _aIncludes bibliographical references (p. 345-347) and index. | ||
| 650 | 0 |
_aBuilding _xEstimates. _923490 |
|
| 650 | 0 |
_aLetting of contracts. _923491 |
|
| 653 |
_bCiv _cMay2011 |
||
| 856 | 4 | 1 |
_3Table of contents _uhttp://www.loc.gov/catdir/toc/els033/98221619.html |
| 856 | 4 | 2 |
_3Publisher description _uhttp://www.loc.gov/catdir/description/els033/98221619.html |
| 942 |
_2ddc _cBB |
||
| 999 |
_c15220 _d15220 |
||